000 00858nam a2200241 i 4500
001 171528
003 ES-MaACL
005 20250808062811.0
008 090519s1974 sp |||| | spa d
020 _a84-220-0704-5
100 1 _aHeisenberg, Werner.
_962398
245 1 0 _aMás allá de la física
_b: atravesando fronteras /
_cpor Werner Heisenberg ; [versión castellana por Carmen Carreras Matas].
260 _aMadrid :
_bLa Editorial Católica,
_c1974.
300 _aVIII, 258 p., 1 h. ;
_c20 cm.
490 1 _aBiblioteca de autores cristianos ;
_v370
650 0 4 _aFísica-
_xFilosofía.
_912881
650 0 4 _aFísica nuclear.
_912888
650 _aCiencia-
_xFilosofía.
_910950
700 1 _aCarreras Matas, Carmen.
_9140223
830 0 0 _aBiblioteca de autores cristianos
_v370
_9178679
852 _aES-MaACL
_jJ-363
999 _c171528
_d171528